000 00534nam a2200181Ia 4500
008 090124s9999 xx 000 0 und d
082 _b123438
100 _aरायकर प्रतिभा
245 _a सहज जिंकी मना
250 _a1
260 _c1989
300 _a200
600 _aरायकर प्रतिभा
630 _a सहज जिंकी मना
700 _aरायकर प्रतिभा
730 _a सहज जिंकी मना
942 _cBOOK
999 _c169524
_d169524